Normal view
MARC view
- Encuentro Internacional de Rectores de Universia
Entry Nombre de Reunión
001 - NÚMERO DE CONTROL
- campo de control: 54117
003 - IDENTIFICADOR DE NÚMERO DE CONTROL
- campo de control: MX-MxUPN
005 - FECHA Y HORA DE LA ÚLTIMA TRANSACCIÓN
- campo de control: 20241015111216.0
008 - DATOS DE LONGITUD FIJA
- campo de control de longitud fija: 241015|| acn||aabn | a|a d
040 ## - FUENTE DE CATALOGACIÓN
- Agencia original de catalogación: MX-MxUPN
- Lenguaje de catalogación: spa
- Agencia transcribió: MX-MxUPN
111 2# - ENCABEZAMIENTO - NOMBRE DE REUNIÓN
- Nombre de reunión o de jurisdicción: Encuentro Internacional de Rectores de Universia
- Número de la parte, sección o reunión: (3° :
- Fecha de la reunión : 2014 :
- Lugar de la reunión: Río de Janeiro, Brasil )
670 ## - FUENTE EN LA QUE SE LOCALIZARON DATOS
- Cita de la fuente: III Encuentro internacional de rectores universia Río 2014 : la universidad del siglo XXI. Una reflexión desde Iberoamérica, 2014 :
- Información localizada: portada (III Encuentro internacional de rectores universia Río 2014 : la universidad del siglo XXI. Una reflexión desde Iberoamérica)
902 ## - CATALOGADOR
- Catalogador: MaríaRobles/151024
